MARC

LEADER 00000nam0a2200000 4500
001 73383
005 20231031084336.0
035 |a (RuTPU)RU\TPU\book\78308 
090 |a 73383 
100 |a 20050215d1981 km y0rusy50 ca 
101 0 |a rus 
102 |a UA 
105 |a y z 001zy 
200 1 |a Полимеры и композиционные материалы на их основе в технике  |f Д. М. Карпинос, В. И. Олейник  |g Академия наук Украинской ССР; Институт проблем материаловедения 
210 |a Киев  |c Наукова думка  |d 1981 
215 |a 180 с. 
320 |a Библиогр.: с. 172-178. 
610 1 |a химическая технология 
610 1 |a полимеры 
610 1 |a полимеризация 
610 1 |a композиционные материалы 
610 1 |a применение 
610 1 |a техника 
610 1 |a термопласты 
610 1 |a армированные волокна 
610 1 |a переработка 
675 |a 678.5.067  |v 3 
700 1 |a Карпинос  |b Д. М.  |g Дмитрий Моисеевич 
701 1 |a Олейник  |b В. И.  |g Валентина Ивановна 
712 0 2 |a Академия наук Украинской ССР (АН УССР)  |b Институт проблем материаловедения им И. Н. Францевича (ИПМ)  |c (Киев)  |2 stltpush  |3 (RuTPU)RU\TPU\col\1143 
801 1 |a RU  |b 63413507  |c 20050215  |g PSBO 
801 2 |a RU  |b 63413507  |c 20201028  |g PSBO 
942 |c BK